<?xml version="1.0" encoding="UTF-8"?>
<record
    xmlns:xsi="http://www.w3.org/2001/XMLSchema-instance"
    xsi:schemaLocation="http://www.loc.gov/MARC21/slim http://www.loc.gov/standards/marcxml/schema/MARC21slim.xsd"
    xmlns="http://www.loc.gov/MARC21/slim">

  <leader>01870nam a2200229Ia 4500</leader>
  <controlfield tag="003">OSt</controlfield>
  <controlfield tag="005">20251117094031.0</controlfield>
  <controlfield tag="008">210210b2002   xxu||||| |||| 00| 0 eng d</controlfield>
  <datafield tag="040" ind1=" " ind2=" ">
    <subfield code="c">AL</subfield>
  </datafield>
  <datafield tag="041" ind1=" " ind2=" ">
    <subfield code="a">Kannada</subfield>
  </datafield>
  <datafield tag="082" ind1=" " ind2=" ">
    <subfield code="a">K894.3 ARAT</subfield>
  </datafield>
  <datafield tag="100" ind1=" " ind2=" ">
    <subfield code="a">ARATI VENKATESH</subfield>
    <subfield code="d">&#xC86;&#xCB0;&#xCA4;&#xCBF; &#xCB5;&#xCC6;&#xC82;&#xC95;&#xC9F;&#xCC7;&#xCB6;&#xCCD; </subfield>
    <subfield code="9">245772</subfield>
  </datafield>
  <datafield tag="245" ind1=" " ind2=" ">
    <subfield code="a">Tamasoma jyotirgamaya</subfield>
    <subfield code="b"> &#xCA4;&#xCAE;&#xCB8;&#xCCB;&#xCAE; &#xC9C;&#xCCD;&#xCAF;&#xCCB;&#xCA4;&#xCBF;&#xCB0;&#xCCD;&#xC97;&#xCAE;&#xCAF; </subfield>
  </datafield>
  <datafield tag="260" ind1=" " ind2=" ">
    <subfield code="a">Bengaluru</subfield>
    <subfield code="b">Not Mentioned</subfield>
    <subfield code="c">2002</subfield>
  </datafield>
  <datafield tag="300" ind1=" " ind2=" ">
    <subfield code="a">192</subfield>
  </datafield>
  <datafield tag="520" ind1=" " ind2=" ">
    <subfield code="a">&#xCA4;&#xCAE;&#xCB8;&#xCCB;&#xCAE;&#xCBE; &#xC9C;&#xCCD;&#xCAF;&#xCCB;&#xCA4;&#xCBF;&#xCB0;&#xCCD;&#xC97;&#xCAE;&#xCAF; &#xC86;&#xCB0;&#xCA4;&#xCBF; &#xCB5;&#xCC6;&#xC82;&#xC95;&#xC9F;&#xCC7;&#xCB6; &#xC85;&#xCB5;&#xCB0; &#xC95;&#xCBE;&#xCA6;&#xC82;&#xCAC;&#xCB0;&#xCBF;&#xCAF;&#xCBE;&#xC97;&#xCBF;&#xCA6;&#xCC6;. &#xCAE;&#xC95;&#xCCD;&#xC95;&#xCB3; &#xCB5;&#xCCD;&#xCAF;&#xC95;&#xCCD;&#xCA4;&#xCBF; &#xCB5;&#xCBF;&#xC95;&#xCBE;&#xCB8;&#xC95;&#xCCD;&#xC95;&#xCC6; &#xCB9;&#xCBF;&#xCB0;&#xCBF;&#xCAF;&#xCB0; &#xCAE;&#xCBE;&#xCB0;&#xCCD;&#xC97;&#xCA6;&#xCB0;&#xCCD;&#xCB6;&#xCA8; &#xCAC;&#xCB9;&#xCB3; &#xCAE;&#xCC1;&#xC96;&#xCCD;&#xCAF;. &#xC85;&#xCB5;&#xCB0;&#xCBF;&#xC97;&#xCC6; &#xCAA;&#xCCD;&#xCB0;&#xCC0;&#xCA4;&#xCBF;, &#xCAE;&#xCAE;&#xCA4;&#xCC6;&#xCAF; &#xCB8;&#xCBF;&#xC82;&#xC9A;&#xCA8; &#xCAE;&#xCBE;&#xCA1;&#xCA6;&#xCC6; &#xC85;&#xCB5;&#xCB0;&#xCB2;&#xCCD;&#xCB2;&#xCBF; &#xCA6;&#xCCA;&#xCA1;&#xCCD;&#xCA1;&#xCB8;&#xCCD;&#xCA4;&#xCBF;&#xC95;&#xCC6;, &#xCA1;&#xC82;&#xCAD;&#xCBE;&#xC9A;&#xCBE;&#xCB0;&#xCB5;&#xCA8;&#xCCD;&#xCA8;&#xCC1; &#xCAA;&#xCCD;&#xCB0;&#xCCB;&#xCA4;&#xCCD;&#xCB8;&#xCBE;&#xCB9;&#xCBF;&#xCB8;&#xCBF; &#xCB9;&#xCBF;&#xCB0;&#xCBF;&#xCAF;&#xCB0;&#xCBE;&#xC97;&#xCBF; &#xCA4;&#xCBE;&#xCB5;&#xCC7; &#xC85;&#xCA1;&#xCCD;&#xCA1;&#xCA6;&#xCBE;&#xCB0;&#xCBF; &#xC97;&#xCC6;&#xCB3;&#xCC6;&#xCA6;&#xCB0;&#xCC6; &#xC85;&#xCA6;&#xCB0; &#xCAA;&#xCB0;&#xCBF;&#xCA3;&#xCBE;&#xCAE;&#xCB5;&#xCA8;&#xCCD;&#xCA8;&#xCC1; &#xCA4;&#xCBE;&#xCB5;&#xCC7; &#xC8E;&#xCA6;&#xCC1;&#xCB0;&#xCBF;&#xCB8;&#xCAC;&#xCC7;&#xC95;&#xCBE;&#xC97;&#xCC1;&#xCA4;&#xCCD;&#xCA4;&#xCA6;&#xCC6; &#xC8E;&#xC82;&#xCAC; &#xC95;&#xCA0;&#xCCB;&#xCB0; &#xCB8;&#xCA4;&#xCCD;&#xCAF;&#xCB5;&#xCA8;&#xCCD;&#xCA8;&#xCC1; &#xCA4;&#xC82;&#xCA6;&#xCC6; &#xCA4;&#xCBE;&#xCAF;&#xCBF; &#xC96;&#xC82;&#xCA1;&#xCBF;&#xCA4; &#xCAE;&#xCB0;&#xCC6;&#xCAF;&#xCAC;&#xCBE;&#xCB0;&#xCA6;&#xCC1;! &#xCAC;&#xCC6;&#xCB3;&#xCC6;&#xCA6;&#xCC1; &#xCA8;&#xCBF;&#xC82;&#xCA4; &#xCAE;&#xCB0;&#xCB5;&#xCA8;&#xCCD;&#xCA8;&#xCC1; &#xCAC;&#xCBE;&#xC97;&#xCBF;&#xCB8;&#xCB2;&#xCC1; &#xCAA;&#xCCD;&#xCB0;&#xCAF;&#xCA4;&#xCCD;&#xCA8;&#xCBF;&#xCB8;&#xCBF;&#xCA6;&#xCB0;&#xCC6; &#xC85;&#xCA6;&#xCC1; &#xCAE;&#xCC1;&#xCB0;&#xCBF;&#xCA6;&#xCC1; &#xCA8;&#xCAE;&#xCCD;&#xCAE; &#xCAE;&#xCC7;&#xCB2;&#xCC6; &#xCAC;&#xCC0;&#xCB3;&#xCC1;&#xCB5;&#xCC1;&#xCA6;&#xCC1; &#xC96;&#xC82;&#xCA1;&#xCBF;&#xCA4;! &#xC87;&#xC82;&#xCA5; &#xC92;&#xC82;&#xCA6;&#xCC1; &#xCA8;&#xCBF;&#xCA6;&#xCB0;&#xCCD;&#xCB6;&#xCA8;&#xCB5;&#xCA8;&#xCCD;&#xCA8;&#xCC1; &#xCA8;&#xCC8;&#xC9C; &#xC98;&#xC9F;&#xCA8;&#xCC6;&#xC97;&#xCB3;&#xCCA;&#xC82;&#xCA6;&#xCBF;&#xC97;&#xCC6; &#xCB9;&#xCC6;&#xCA3;&#xCC6;&#xCA6;&#xCC1; &#xC88; &#xC95;&#xCBE;&#xCA6;&#xC82;&#xCAC;&#xCB0;&#xCBF;&#xCAF;&#xCB2;&#xCCD;&#xCB2;&#xCBF; &#xCB0;&#xCC2;&#xCAA;&#xCBF;&#xCB8;&#xCB2;&#xCBE;&#xC97;&#xCBF;&#xCA6;&#xCC6;.</subfield>
  </datafield>
  <datafield tag="650" ind1=" " ind2=" ">
    <subfield code="a">Tamasoma</subfield>
    <subfield code="9">245773</subfield>
  </datafield>
  <datafield tag="650" ind1=" " ind2=" ">
    <subfield code="a">jyotirgamaya</subfield>
    <subfield code="9">245774</subfield>
  </datafield>
  <datafield tag="690" ind1=" " ind2=" ">
    <subfield code="a">Kannada Fiction</subfield>
    <subfield code="9">245775</subfield>
  </datafield>
  <datafield tag="906" ind1=" " ind2=" ">
    <subfield code="a">063122</subfield>
  </datafield>
  <datafield tag="942" ind1=" " ind2=" ">
    <subfield code="2">ddc</subfield>
    <subfield code="c">BK</subfield>
  </datafield>
  <datafield tag="999" ind1=" " ind2=" ">
    <subfield code="c">134374</subfield>
    <subfield code="d">134374</subfield>
  </datafield>
  <datafield tag="952" ind1=" " ind2=" ">
    <subfield code="0">0</subfield>
    <subfield code="1">0</subfield>
    <subfield code="2">ddc</subfield>
    <subfield code="4">0</subfield>
    <subfield code="7">0</subfield>
    <subfield code="8">KAN</subfield>
    <subfield code="a">AL</subfield>
    <subfield code="b">AL</subfield>
    <subfield code="c">Kannada Literature</subfield>
    <subfield code="d">2021-02-17</subfield>
    <subfield code="e">Athree Book Centre,Mangalore</subfield>
    <subfield code="g">60.00</subfield>
    <subfield code="l">0</subfield>
    <subfield code="o">K894.3 ARAT</subfield>
    <subfield code="p">063122</subfield>
    <subfield code="r">2021-02-17 00:00:00</subfield>
    <subfield code="w">2021-02-17</subfield>
    <subfield code="y">BK</subfield>
  </datafield>
</record>
